000 00945nas0a22002891i 4500
001 RU\NLR\DRGNLR\1016
005 20240725030948.0
035 _a(NLR Aleph) 010309587
090 _a10632377
_c10632377
100 _a20080514b1917 u y0rusy50 ca
101 0 _arus
102 _aRU
110 _acya||||||||
200 1 _aГолос гражданина
_fРед. П.Цитович
210 _aКарачев
_d1917, 23 апр. (6 мая) - [?]
540 1 _aГолос гражданина
702 1 _aЦитович
_bП.В.
_gПетр Васильевич
_4340
801 0 _aRU
_bNLR
_c20080514
_gPSBO
_2gzdor_isis
801 2 _aRU
_bNLR
_c20080514
_gPSBO
_2rusmarc
852 _aNLR
_jР1/1528
942 _cNEWSPAPER
980 _aDRG